Statistics for Bob Dylan: Every Song

Click here to take the quiz!

General Stats

  • This quiz has been taken 475 times
    (460 since last reset)
  • The average score is 61 of 458

Answer Stats

AlbumSong% Correct
The Freewheelin' Bob Dylan (1963)Blowin' in the Wind
83%
The Times They Are a-Changin' (1964)The Times They Are a-Changin'
78%
Highway 61 Revisited (1965) | Self Portrait (1970)Like a Rolling Stone
77%
Desire (1976)Hurricane
66%
Pat Garrett & Billy the Kid (1973)Knockin' on Heaven's Door
66%
John Wesley Harding (1967)All Along the Watchtower
61%
Bringing It All Back Home (1965)Mr. Tambourine Man
59%
Nashville Skyline (1969)Lay Lady Lay
58%
Blood on the Tracks (1975)Tangled Up in Blue
58%
Bringing It All Back Home (1965)Subterranean Homesick Blues
54%
Highway 61 Revisited (1965)Highway 61 Revisited
53%
Highway 61 Revisited (1965)Desolation Row
50%
Nashville Skyline (1969)Girl From the North Country
50%
The Freewheelin' Bob Dylan (1963)Girl from the North Country
50%
Blonde on Blonde (1966)Just Like a Woman
50%
John Wesley Harding (1967)John Wesley Harding
48%
Blonde on Blonde (1966)Rainy Day Women #12 & 35
48%
Slow Train Coming (1979)Slow Train
47%
The Freewheelin' Bob Dylan (1963)A Hard Rain's a-Gonna Fall
46%
The Freewheelin' Bob Dylan (1963)Don't Think Twice, It's All Right
46%
New Morning (1970)New Morning
46%
Blood on the Tracks (1975)Idiot Wind
44%
Blonde on Blonde (1966)Visions of Johanna
43%
Bringing It All Back Home (1965)It's Alright, Ma (I'm Only Bleeding)
41%
Bringing It All Back Home (1965)Maggie's Farm
41%
Blonde on Blonde (1966)Sad Eyed Lady of the Lowlands
41%
Saved (1980)Saved
41%
Shot of Love (1981)Shot of Love
41%
Highway 61 Revisited (1965)Ballad of a Thin Man
39%
Planet Waves (1974)Forever Young
39%
Blonde on Blonde (1966)I Want You
39%
Highway 61 Revisited (1965)Tombstone Blues
39%
Desire (1976)Sara
38%
Blood on the Tracks (1975)Shelter from the Storm
38%
Desire (1976)Isis
37%
The Freewheelin' Bob Dylan (1963)Masters of War
37%
Blood on the Tracks (1975)Simple Twist of Fate
37%
Blood on the Tracks (1975)Buckets of Rain
36%
Another Side of Bob Dylan (1964)My Back Pages
36%
Blonde on Blonde (1966)Stuck Inside of Mobile with the Memphis Blues Again
36%
Bringing It All Back Home (1965)It's All Over Now, Baby Blue
35%
Tempest (2012)Tempest
35%
Slow Train Coming (1979)Gotta Serve Somebody
34%
Blonde on Blonde (1966)Leopard-Skin Pill-Box Hat
34%
Desire (1976)One More Cup of Coffee
34%
The Freewheelin' Bob Dylan (1963)Bob Dylan's Dream
32%
Another Side of Bob Dylan (1964)It Ain't Me Babe
32%
Desire (1976)Joey
32%
Bringing It All Back Home (1965)Love Minus Zero/No Limit
32%
Highway 61 Revisited (1965)Queen Jane Approximately
32%
Under the Red Sky (1990)Under the Red Sky
32%
World Gone Wrong (1993)World Gone Wrong
32%
Infidels (1983)Jokerman
31%
Highway 61 Revisited (1965)Just Like Tom Thumb's Blues
31%
Blood on the Tracks (1975)Lily, Rosemary and the Jack of Hearts
31%
Blood on the Tracks (1975)If You See Her, Say Hello
30%
Pat Garrett & Billy the Kid (1973)Main Title Theme (Billy)
30%
Desire (1976)Mozambique
30%
Blood on the Tracks (1975)You're a Big Girl Now
30%
Highway 61 Revisited (1965)From a Buick 6
29%
Bringing It All Back Home (1965)Gates of Eden
29%
Time Out of Mind (1997)Make You Feel My Love
29%
New Morning (1970)The Man in Me
29%
Street-Legal (1978)Changing of the Guards
28%
New Morning (1970)If Not for You
28%
The Freewheelin' Bob Dylan (1963)Oxford Town
28%
Bob Dylan (1962)Song to Woody
28%
The Times They Are a-Changin' (1964)Ballad of Hollis Brown
27%
The Times They Are a-Changin' (1964)Boots of Spanish Leather
27%
Bob Dylan (1962)House of the Risin' Sun
27%
Bringing It All Back Home (1965)Bob Dylan's 115th Dream
26%
The Freewheelin' Bob Dylan (1963)Corrina, Corrina
26%
Highway 61 Revisited (1965)It Takes a Lot to Laugh, It Takes a Train to Cry
26%
The Times They Are a-Changin' (1964)With God on Our Side
26%
Blood on the Tracks (1975)You're Gonna Make Me Lonesome When You Go
26%
Shot of Love (1981)Every Grain of Sand
25%
Nashville Skyline (1969)I Threw It All Away
25%
Bringing It All Back Home (1965) | Self Portrait (1970)She Belongs to Me
25%
The Freewheelin' Bob Dylan (1963)I Shall Be Free
24%
Another Side of Bob Dylan (1964)I Shall Be Free No. 10
24%
Blood on the Tracks (1975)Meet Me in the Morning
24%
Blonde on Blonde (1966)Obviously 5 Believers
24%
Desire (1976)Oh, Sister
24%
The Times They Are a-Changin' (1964)The Lonesome Death of Hattie Carroll
24%
Blonde on Blonde (1966)Absolutely Sweet Marie
23%
Desire (1976)Black Diamond Bay
23%
Another Side of Bob Dylan (1964)Chimes of Freedom
23%
Time Out of Mind (1997)Not Dark Yet
23%
The Times They Are a-Changin' (1964)Only a Pawn in Their Game
23%
The Freewheelin' Bob Dylan (1963)Bob Dylan's Blues
22%
Love and Theft (2001)Mississippi
22%
Blonde on Blonde (1966)Most Likely You Go Your Way (And I'll Go Mine)
22%
Blonde on Blonde (1966)One of Us Must Know (Sooner or Later)
22%
Another Side of Bob Dylan (1964)All I Really Want to Do
21%
Nashville Skyline (1969)Nashville Skyline Rag
21%
The Times They Are a-Changin' (1964)One Too Many Mornings
21%
Bringing It All Back Home (1965)Outlaw Blues
21%
Self Portrait (1970)The Mighty Quinn (Quinn the Eskimo)
21%
Self Portrait (1970)All the Tired Horses
20%
Another Side of Bob Dylan (1964)Ballad in Plain D
20%
Rough and Rowdy Ways (2020)Murder Most Foul
20%
Desire (1976)Romance in Durango
20%
Nashville Skyline (1969)Tonight I'll Be Staying Here With You
20%
Nashville Skyline (1969)Country Pie
19%
Another Side of Bob Dylan (1964)Motorpsycho Nitemare
19%
Oh Mercy (1989)Political World
19%
The Times They Are a-Changin' (1964)Restless Farewell
19%
The Times They Are a-Changin' (1964)When the Ship Comes In
19%
Knocked Out Loaded (1986)Brownsville Girl
18%
Time Out of Mind (1997)Highlands
18%
Oh Mercy (1989)Man in the Long Black Coat
18%
Christmas in the Heart (2009)Must Be Santa
18%
The Freewheelin' Bob Dylan (1963)Talkin' World War III Blues
18%
Another Side of Bob Dylan (1964)To Ramona
18%
Blonde on Blonde (1966)4th Time Around
17%
Time Out of Mind (1997)Cold Irons Bound
17%
Rough and Rowdy Ways (2020)I Contain Multitudes
17%
John Wesley Harding (1967)I Dreamed I Saw St. Augustine
17%
John Wesley Harding (1967)I'll Be Your Baby Tonight
17%
Time Out of Mind (1997)Love Sick
17%
Infidels (1983)Neighborhood Bully
17%
Street-Legal (1978)New Pony
17%
Blonde on Blonde (1966)Pledging My Time
17%
Another Side of Bob Dylan (1964)Spanish Harlem Incident
17%
Bob Dylan (1962)Talkin' New York
17%
Empire Burlesque (1985)Dark Eyes
16%
The Freewheelin' Bob Dylan (1963)Down the Highway
16%
Tempest (2012)Duquesne Whistle
16%
Bob Dylan (1962)Highway 51
16%
Street-Legal (1978)Is Your Love in Vain?
16%
Infidels (1983)Sweetheart Like You
16%
Empire Burlesque (1985)Tight Connection to My Heart (Has Anybody Seen My Love)
16%
Under the Red Sky (1990)Wiggle Wiggle
16%
Dylan (1973)Big Yellow Taxi
15%
Infidels (1983)Don't Fall Apart on Me Tonight
15%
Infidels (1983)License to Kill
15%
Nashville Skyline (1969)Peggy Day
15%
Blonde on Blonde (1966)Temporary Like Achilles
15%
John Wesley Harding (1967)The Ballad of Frankie Lee and Judas Priest
15%
Self Portrait (1970)Alberta #1
14%
Self Portrait (1970)Alberta #2
14%
Another Side of Bob Dylan (1964)Black Crow Blues
14%
New Morning (1970)Day of the Locusts
14%
John Wesley Harding (1967)Dear Landlord
14%
Rough and Rowdy Ways (2020)False Prophet
14%
John Wesley Harding (1967)I Am a Lonesome Hobo
14%
Rough and Rowdy Ways (2020)Key West (Philosopher Pirate)
14%
Slow Train Coming (1979)Man Gave Names to All the Animals
14%
The Times They Are a-Changin' (1964)North Country Blues
14%
Bringing It All Back Home (1965)On the Road Again
14%
Street-Legal (1978)Señor (Tales of Yankee Power)
14%
Oh Mercy (1989)Shooting Star
14%
The Basement Tapes (1975)This Wheel's on Fire
14%
Modern Times (2006)Thunder on the Mountain
14%
Love and Theft (2001)Tweedle Dee & Tweedle Dum
14%
Planet Waves (1974)Wedding Song
14%
Rough and Rowdy Ways (2020)Black Rider
13%
Infidels (1983)I and I
13%
Another Side of Bob Dylan (1964)I Don't Believe You (She Acts Like We Never Have Met)
13%
Oh Mercy (1989)Most of the Time
13%
Street-Legal (1978)No Time to Think
13%
Love and Theft (2001)Po' Boy
13%
New Morning (1970)Sign on the Window
13%
Street-Legal (1978)True Love Tends to Forget
13%
Pat Garrett & Billy the Kid (1973)Billy 1
12%
Self Portrait (1970)Days of '49
12%
Planet Waves (1974)Dirge
12%
John Wesley Harding (1967)Drifter's Escape
12%
Oh Mercy (1989)Everything is Broken
12%
The Freewheelin' Bob Dylan (1963)Honey, Just Allow Me One More Chance
12%
The Basement Tapes (1975)Million Dollar Bash
12%
Planet Waves (1974)On a Night Like This
12%
Tempest (2012)Roll on John
12%
Time Out of Mind (1997)Standing in the Doorway
12%
Self Portrait (1970)The Boxer
12%
Self Portrait (1970)Wigwam
12%
Pat Garrett & Billy the Kid (1973)Billy 4
11%
Time Out of Mind (1997)Dirt Road Blues
11%
Tempest (2012)Early Roman Kings
11%
Planet Waves (1974)Going, Going, Gone
11%
New Morning (1970)Winterlude
11%
The Basement Tapes (1975)You Ain't Goin' Nowhere
11%
John Wesley Harding (1967)As I Went Out One Morning
10%
Pat Garrett & Billy the Kid (1973)Billy 7
10%
The Basement Tapes (1975)Goin' to Acapulco
10%
New Morning (1970)If Dogs Run Free
10%
John Wesley Harding (1967)I Pity the Poor Immigrant
10%
Dylan (1973)Lily of the West
10%
Bob Dylan (1962)Man of Constant Sorrow
10%
Rough and Rowdy Ways (2020)Mother of Muses
10%
Modern Times (2006)Spirit on the Water
10%
Dylan (1973)The Ballad of Ira Hayes
10%
Christmas in the Heart (2009)The Little Drummer Boy
10%
Nashville Skyline (1969)To Be Alone with You
10%
Under the Red Sky (1990)10,000 Men
9%
Shot of Love (1981)Lenny Bruce
9%
Rough and Rowdy Ways (2020)My Own Version of You
9%
The Basement Tapes (1975)Odds and Ends
9%
Nashville Skyline (1969)Tell Me That It Isn't True
9%
Shot of Love (1981)The Groom's Still Waiting at the Altar
9%
John Wesley Harding (1967)The Wicked Messenger
9%
Time Out of Mind (1997)Tryin' to Get to Heaven
9%
New Morning (1970)Went to See the Gypsy
9%
Shadows in the Night (2015)Where Are You?
9%
Planet Waves (1974)You Angel You
9%
Bob Dylan (1962)You're No Good
9%
Under the Red Sky (1990)2 x 2
8%
Bob Dylan (1962)Baby Let Me Follow You Down
8%
Street-Legal (1978)Baby, Stop Crying
8%
Rough and Rowdy Ways (2020)Crossing the Rubicon
8%
John Wesley Harding (1967)Down Along the Cove
8%
Self Portrait (1970)Early Mornin' Rain
8%
New Morning (1970)Father of Night
8%
Bob Dylan (1962)Freight Train Blues
8%
Rough and Rowdy Ways (2020)Goodbye Jimmy Reed
8%
Bob Dylan (1962)In My Time of Dyin'
8%
Rough and Rowdy Ways (2020)I've Made Up My Mind to Give Myself to You
8%
Dylan (1973)Mr. Bojangles
8%
Nashville Skyline (1969)One More Night
8%
Slow Train Coming (1979)Precious Angel
8%
Bob Dylan (1962)Pretty Peggy-O
8%
Oh Mercy (1989)Ring Them Bells
8%
Down in the Groove (1988)Silvio
8%
Planet Waves (1974)Something There Is About You
8%
The Basement Tapes (1975)Tears of Rage
8%
Planet Waves (1974)Tough Mama
8%
Infidels (1983)Union Sundown
8%
Slow Train Coming (1979)When He Returns
8%
Street-Legal (1978)Where Are You Tonight? (Journey Through Dark Heat)
8%
Modern Times (2006)Workingman's Blues #2
8%
Bob Dylan (1962)Fixin' to Die
7%
Planet Waves (1974)Hazel
7%
Christmas in the Heart (2009)Here Comes Santa Claus
7%
Saved (1980)In The Garden
7%
Self Portrait (1970)Little Sadie
7%
Saved (1980)Pressing On
7%
Bob Dylan (1962)See That My Grave Is Kept Clean
7%
Modern Times (2006)Ain't Talkin'
6%
Self Portrait (1970)Belle Isle
6%
World Gone Wrong (1993)Blood in My Eyes
6%
Dylan (1973)Can't Help Falling in Love
6%
Time Out of Mind (1997)Can't Wait
6%
Under the Red Sky (1990)Cat's in the Well
6%
Empire Burlesque (1985)Clean Cut Kid
6%
Self Portrait (1970)Copper Kettle (The Pale Moonlight)
6%
Down in the Groove (1988)Death Is Not the End
6%
World Gone Wrong (1993)Delia
6%
Slow Train Coming (1979)Do Right to Me Baby (Do Unto Others)
6%
Empire Burlesque (1985)Emotionally Yours
6%
Slow Train Coming (1979)Gonna Change My Way of Thinking
6%
Love and Theft (2001)High Water (For Charley Patton)
6%
Slow Train Coming (1979)I Believe in You
6%
World Gone Wrong (1993)Jack-a-Roe
6%
Self Portrait (1970)Let It Be Me
6%
Infidels (1983)Man of Peace
6%
Time Out of Mind (1997)Million Miles
6%
Self Portrait (1970)Minstrel Boy
6%
Love and Theft (2001)Moonlight
6%
Modern Times (2006)Nettie Moore
6%
Christmas in the Heart (2009)O' Come All Ye Faithful (Adeste Fideles)
6%
New Morning (1970)One More Weekend
6%
The Basement Tapes (1975)Orange Juice Blues (Blues for Breakfast)
6%
Tempest (2012)Pay in Blood
6%
Shot of Love (1981)Property of Jesus
6%
Love and Theft (2001)Sugar Baby
6%
Love and Theft (2001)Summer Days
6%
Self Portrait (1970)Take a Message to Mary
6%
Christmas in the Heart (2009)The Christmas Song
6%
New Morning (1970)Three Angels
6%
Tempest (2012)Tin Angel
6%
Down in the Groove (1988)Ugliest Girl in the World
6%
Street-Legal (1978)We Better Talk This Over
6%
Oh Mercy (1989)What Good Am I?
6%
Slow Train Coming (1979)When You Gonna Wake Up
6%
Saved (1980)Are You Ready
5%
The Basement Tapes (1975)Bessie Smith
5%
Together Through Life (2009)Beyond Here Lies Nothin'
5%
Self Portrait (1970)Blue Moon
5%
Under the Red Sky (1990)Born in Time
5%
Saved (1980)Covenant Woman
5%
Love and Theft (2001)Cry a While
5%
Good as I Been to You (1992)Frankie & Albert
5%
Bob Dylan (1962)Gospel Plow
5%
Shot of Love (1981)Heart of Mine
5%
Self Portrait (1970)I Forgot More Than You'll Ever Know
5%
Self Portrait (1970)In Search of Little Sadie
5%
Self Portrait (1970)Living the Blues
5%
The Basement Tapes (1975)Lo and Behold!
5%
Love and Theft (2001)Lonesome Day Blues
5%
Tempest (2012)Long and Wasted Years
5%
Tempest (2012)Narrow Way
5%
Pat Garrett & Billy the Kid (1973)River Theme
5%
Modern Times (2006)Rollin' and Tumblin'
5%
Dylan (1973)Sarah Jane
5%
Saved (1980)Saving Grace
5%
Saved (1980)Solid Rock
5%
Dylan (1973)Spanish Is the Loving Tongue
5%
Self Portrait (1970)Take Me As I Am (Or Let Me Go)
5%
Pat Garrett & Billy the Kid (1973)Turkey Chase
5%
Oh Mercy (1989)What Was It You Wanted
5%
Christmas in the Heart (2009)Winter Wonderland
5%
Love and Theft (2001)Bye and Bye
4%
Pat Garrett & Billy the Kid (1973)Cantina Theme (Workin' for the Law)
4%
The Basement Tapes (1975)Clothes Line Saga
4%
Shot of Love (1981)Dead Man, Dead Man
4%
Oh Mercy (1989)Disease of Conceit
4%
Love and Theft (2001)Floater (Too Much to Ask)
4%
Under the Red Sky (1990)God Knows
4%
Good as I Been to You (1992)Hard Times
4%
Love and Theft (2001)Honest with Me
4%
Shot of Love (1981)In the Summertime
4%
Together Through Life (2009)Jolene
4%
Down in the Groove (1988)Let's Stick Together
4%
The Basement Tapes (1975)Nothing Was Delivered
4%
Tempest (2012)Soon After Midnight
4%
Modern Times (2006)The Levee's Gonna Break
4%
Modern Times (2006)When the Deal Goes Down
4%
Empire Burlesque (1985)When the Night Comes Falling from the Sky
4%
Oh Mercy (1989)Where Teardrops Fall
4%
Self Portrait (1970)Woogie Boogie
4%
The Basement Tapes (1975)Yea! Heavy and a Bottle of Bread
4%
Dylan (1973)A Fool Such as I
3%
The Basement Tapes (1975)Apple Suckling Tree
3%
Saved (1980)A Satisfied Mind
3%
Shadows in the Night (2015)Autumn Leaves
3%
Modern Times (2006)Beyond the Horizon
3%
Pat Garrett & Billy the Kid (1973)Bunkhouse Theme
3%
Good as I Been to You (1992)Canadee-i-o
3%
The Basement Tapes (1975)Crash on the Levee (Down in the Flood)
3%
The Basement Tapes (1975)Don't Ya Tell Henry
3%
Christmas in the Heart (2009)Do You Hear What I Hear?
3%
Pat Garrett & Billy the Kid (1973)Final Theme
3%
Good as I Been to You (1992)Froggie Went a-Courtin'
3%
Knocked Out Loaded (1986)Got My Mind Made Up
3%
Self Portrait (1970)Gotta Travel On
3%
Under the Red Sky (1990)Handy Dandy
3%
Christmas in the Heart (2009)Hark the Herald Angels Sing
3%
Christmas in the Heart (2009)Have Yourself a Merry Little Christmas
3%
Together Through Life (2009)I Feel a Change Comin' On
3%
Together Through Life (2009)If You Ever Go to Houston
3%
Christmas in the Heart (2009)I'll Be Home for Christmas
3%
Empire Burlesque (1985)I'll Remember You
3%
Self Portrait (1970)It Hurts Me Too
3%
Good as I Been to You (1992)Jim Jones
3%
The Basement Tapes (1975)Katie's Been Gone
3%
Together Through Life (2009)Life is Hard
3%
World Gone Wrong (1993)Lone Pilgrim
3%
The Basement Tapes (1975)Long Distance Operator
3%
World Gone Wrong (1993)Love Henry
3%
Dylan (1973)Mary Ann
3%
Fallen Angels (2016)Melancholy Mood
3%
Together Through Life (2009)My Wife's Home Town
3%
Empire Burlesque (1985)Never Gonna Be the Same Again
3%
Planet Waves (1974)Never Say Goodbye
3%
Down in the Groove (1988)Ninety Miles an Hour (Down a Dead End Street)
3%
The Basement Tapes (1975)Open the Door, Homer
3%
The Basement Tapes (1975)Please, Mrs. Henry
3%
The Basement Tapes (1975)Ruben Remus
3%
Tempest (2012)Scarlet Town
3%
Empire Burlesque (1985)Seeing the Real You at Last
3%
Down in the Groove (1988)Shenandoah
3%
Good as I Been to You (1992)Sittin' on Top of the World
3%
Modern Times (2006)Someday Baby
3%
Empire Burlesque (1985)Something's Burning, Baby
3%
World Gone Wrong (1993)Stack a Lee
3%
Triplicate (2017)Stardust
3%
Shadows in the Night (2015)That Lucky Old Sun
3%
Knocked Out Loaded (1986)They Killed Him
3%
Time Out of Mind (1997)Til I Fell in Love with You
3%
New Morning (1970)Time Passes Slowly
3%
The Basement Tapes (1975)Tiny Montgomery
3%
Good as I Been to You (1992)Tomorrow Night
3%
Shot of Love (1981)Trouble
3%
Under the Red Sky (1990)T.V. Talkin' Song
3%
Under the Red Sky (1990)Unbelievable
3%
Saved (1980)What Can I Do For You?
3%
Down in the Groove (1988)When Did You Leave Heaven?
3%
The Basement Tapes (1975)Yazoo Street Scandal
3%
Knocked Out Loaded (1986)You Wanna Ramble
3%
The Basement Tapes (1975)Ain't No More Cane
2%
Fallen Angels (2016)All the Way
2%
Good as I Been to You (1992)Arthur McBride
2%
Christmas in the Heart (2009)Christmas Island
2%
Good as I Been to You (1992)Diamond Joe
2%
Knocked Out Loaded (1986)Driftin' Too Far from Shore
2%
Together Through Life (2009)Forgetful Heart
2%
Triplicate (2017)I Could Have Told You
2%
Together Through Life (2009)It's All Good
2%
Good as I Been to You (1992)Little Maggie
2%
World Gone Wrong (1993)Ragged & Dirty
2%
Down in the Groove (1988)Rank Strangers to Me
2%
Triplicate (2017)September of My Years
2%
Christmas in the Heart (2009)Silver Bells
2%
Fallen Angels (2016)That Old Black Magic
2%
Triplicate (2017)The Best Is Yet to Come
2%
Christmas in the Heart (2009)The Christmas Blues
2%
Christmas in the Heart (2009)The First Noel
2%
Together Through Life (2009)This Dream of You
2%
The Basement Tapes (1975)Too Much of Nothing
2%
Empire Burlesque (1985)Trust Yourself
2%
World Gone Wrong (1993)Two Soldiers
2%
Knocked Out Loaded (1986)Under Your Spell
2%
Shot of Love (1981)Watered-Down Love
2%
Shadows in the Night (2015)What'll I Do
2%
Good as I Been to You (1992)You're Gonna Quit Me
2%
Fallen Angels (2016)All or Nothing at All
1%
Triplicate (2017)As Time Goes By
1%
Good as I Been to You (1992)Blackjack Davey
1%
World Gone Wrong (1993)Broke Down Engine
1%
Triplicate (2017)But Beautiful
1%
Fallen Angels (2016)Come Rain or Come Shine
1%
Shadows in the Night (2015)Full Moon and Empty Arms
1%
Down in the Groove (1988)Had a Dream About You, Baby
1%
Triplicate (2017)Here's That Rainy Day
1%
Shadows in the Night (2015)I'm a Fool to Want You
1%
Knocked Out Loaded (1986)Maybe Someday
1%
Fallen Angels (2016)Maybe You'll Be There
1%
Triplicate (2017)My One and Only Love
1%
Christmas in the Heart (2009)O Little Town of Bethlehem
1%
Fallen Angels (2016)On a Little Street in Singapore
1%
Triplicate (2017)Once Upon a Time
1%
Fallen Angels (2016)Polka Dots and Moonbeams
1%
Knocked Out Loaded (1986)Precious Memories
1%
Down in the Groove (1988)Sally Sue Brown
1%
Triplicate (2017)Sentimental Journey
1%
Together Through Life (2009)Shake Shake Mama
1%
Fallen Angels (2016)Skylark
1%
Shadows in the Night (2015)Some Enchanted Evening
1%
Shadows in the Night (2015)Stay with Me
1%
Good as I Been to You (1992)Step It Up and Go
1%
Triplicate (2017)Stormy Weather
1%
Triplicate (2017)That Old Feeling
1%
Shadows in the Night (2015)The Night We Called It a Day
1%
Triplicate (2017)These Foolish Things
1%
Triplicate (2017)When the World Was Young
1%
Triplicate (2017)Why Was I Born?
1%
Fallen Angels (2016)Young at Heart
1%
Triplicate (2017)Braggin'
0%
Triplicate (2017)Day In, Day Out
0%
Triplicate (2017)How Deep Is the Ocean?
0%
Triplicate (2017)I Couldn't Sleep a Wink Last Night
0%
Triplicate (2017)I Guess I'll Have to Change My Plans
0%
Triplicate (2017)Imagination
0%
Triplicate (2017)It Gets Lonely Early
0%
Fallen Angels (2016)It Had to Be You
0%
Triplicate (2017)It's Funny to Everyone But Me
0%
Fallen Angels (2016)Nevertheless
0%
Triplicate (2017)P.S. I Love You
0%
Triplicate (2017)Somewhere Along the Way
0%
Triplicate (2017)There's a Flaw in My Flue
0%
Triplicate (2017)This Nearly Was Mine
0%
Triplicate (2017)Trade Winds
0%
Triplicate (2017)Where Is the One?
0%
Shadows in the Night (2015)Why Try to Change Me Now
0%
Triplicate (2017)You Go to My Head
0%

Score Distribution

Percentile by Number Answered

Percent of People with Each Score

Your Score History

You have not taken this quiz since the last reset